[Event "TCh-CHN Division A 2014"]
[Site "Jinan CHN"]
[Date "2014.06.03"]
[Round "5.3"]
[White "Gong, Qianyun"]
[Black "Tan, Zhongyi"]
[Result "0-1"]
[WhiteTitle "WIM"]
[BlackTitle "WGM"]
[WhiteElo "2349"]
[BlackElo "2465"]
[WhiteTeam "Qingdao Experimental School"]
[BlackTeam "Chongqing"]
[WhiteFideId "8602425"]
[BlackFideId "8603642"]
[EventDate "2014.04.12"]

1. d4 g6 2. Nf3 Bg7 3. Nc3 d6 4. Bf4 Nd7 5. e3 e5 6. Bg3 Ne7 7. Qd2 c6 8. dxe5
dxe5 9. O-O-O Qc7 10. h4 h5 11. Ne4 Nf5 12. Bh2 O-O 13. Qc3 Re8 14. Bc4 Nb6 15.
Bb3 Qe7 16. Qc5 Be6 17. Qxe7 Rxe7 18. Bxe6 Rxe6 19. Nc5 Re7 20. e4 Nh6 21. Rhe1
f6 22. a4 Nf7 23. b3 Nc8 24. Nd2 Ncd6 25. f3 Rd8 26. Bg1 Bh6 27. Nd3 b6 28. Nb4
Rc7 29. Kb1 Nf5 30. exf5 Bxd2 31. fxg6 Bxb4 32. gxf7+ Kxf7 33. Rxd8 Bxe1 34. Rh8
Kg7 35. Rxh5 Rd7 36. Be3 Rd1+ 37. Kb2 Bg3 38. a5 c5 39. b4 cxb4 40. axb6 axb6
41. Bxb6 Rd2 42. Bc5 Rxg2 43. Bxb4 Bf4 44. Be7 Rd2 45. Rf5 Kf7 46. Bxf6 Ke6 47.
Rxf4 exf4 48. Bg5 Kf5 49. Kc3 Rf2 50. Be7 Rxf3+ 51. Kd4 Re3 52. Bg5 Re1 53. c4
Rd1+ 54. Kc5 f3 55. Be3 Ke5 0-1

[Event "TCh-CHN Division A 2014"]
[Site "Jinan CHN"]
[Date "2014.06.03"]
[Round "5.3"]
[White "Wang, Xinyue"]
[Black "Huang, Qian"]
[Result "0-1"]
[BlackTitle "WGM"]
[WhiteElo "2139"]
[BlackElo "2464"]
[WhiteTeam "Qingdao Experimental School"]
[BlackTeam "Chongqing"]
[WhiteFideId "8603960"]
[BlackFideId "8602689"]
[EventDate "2014.04.12"]

1. d4 Nf6 2. c4 g6 3. Nc3 Bg7 4. e4 d6 5. Nf3 O-O 6. Be2 c6 7. O-O a6 8. Qc2 b5
9. b3 Qc7 10. Bb2 b4 11. Nd1 a5 12. Ne3 Ng4 13. Nxg4 Bxg4 14. h3 Bxf3 15. Bxf3
Nd7 16. Rac1 a4 17. Bg4 e6 18. f4 axb3 19. axb3 Ra2 20. Qb1 Qa7 21. Rf2 Rxb2 22.
Rxb2 Bxd4+ 23. Kh2 Bxb2 24. Qxb2 Qe3 25. Rf1 Nc5 26. f5 e5 27. Bf3 Nxb3 28. Rd1
Nd4 29. Qxb4 Nxf3+ 30. gxf3 Qf2+ 0-1

[Event "TCh-CHN Division A 2014"]
[Site "Jinan CHN"]
[Date "2014.06.03"]
[Round "5.4"]
[White "Lou, Yiping"]
[Black "Lin, Chen"]
[Result "1/2-1/2"]
[WhiteTitle "IM"]
[BlackTitle "IM"]
[WhiteElo "2461"]
[BlackElo "2463"]
[WhiteTeam "Shanghai"]
[BlackTeam "Jiangsu"]
[WhiteFideId "8603928"]
[BlackFideId "8602298"]
[EventDate "2014.04.12"]

1. d4 d5 2. c4 c6 3. Nc3 Nf6 4. cxd5 cxd5 5. Bf4 Nc6 6. e3 Bf5 7. Qb3 Na5 8.
Qa4+ Bd7 9. Bb5 e6 10. Rc1 Rc8 11. Nf3 Rc4 12. Qd1 Bxb5 13. Nxb5 Bb4+ 14. Ke2
O-O 15. Qa4 Bc3 16. Qa3 Bb4 17. Qa4 Bc3 18. Qa3 Bb4 19. Qa4 Bc3 20. Qa3 Bb4 21.
Qa4 Bc3 22. Qa3 Bb4 23. Qa4 Bc3 24. Qa3 Bb4 25. Qa4 Bc3 26. Qa3 Bb4 27. Qa4 Bc3
28. Qa3 Bb4 29. Qa4 Bc3 30. Qa3 Bb4 1/2-1/2

[Event "TCh-CHN Division A 2014"]
[Site "Jinan CHN"]
[Date "2014.06.03"]
[Round "5.4"]
[White "Ni, Hua"]
[Black "Wang, Li"]
[Result "1-0"]
[WhiteTitle "GM"]
[BlackTitle "IM"]
[WhiteElo "2677"]
[BlackElo "2401"]
[WhiteTeam "Shanghai"]
[BlackTeam "Jiangsu"]
[WhiteFideId "8601160"]
[BlackFideId "8604460"]
[EventDate "2014.04.12"]

1. e4 c5 2. Nf3 e6 3. g3 Nc6 4. Bg2 b5 5. O-O Bb7 6. c3 Nf6 7. Re1 Be7 8. d4 d5
9. e5 Nd7 10. h4 h6 11. Be3 Qc7 12. Nbd2 cxd4 13. cxd4 a5 14. Nh2 O-O-O 15. Qg4
Rhg8 16. Nb1 Kb8 17. Nc3 Na7 18. Rac1 Qb6 19. Bf1 Ba6 20. Bd3 g5 21. hxg5 hxg5
22. Qe2 Kb7 23. Ng4 Rh8 24. Qf3 Rhf8 25. Kg2 Kb8 26. Qe2 Kb7 27. Rh1 f5 28. Rh7
Rfe8 29. Nf6 Bxf6 30. exf6 g4 31. f7 Rh8 32. Rch1 Rxh7 33. Rxh7 Nf8 34. Rh8 Rc8
35. Bh6 Qxd4 36. Rxf8 Rxf8 37. Bxf8 Qf6 38. Bxb5 1-0

[Event "TCh-CHN Division A 2014"]
[Site "Jinan CHN"]
[Date "2014.06.03"]
[Round "5.4"]
[White "Zhou, Jianchao"]
[Black "Yu, Ruiyuan"]
[Result "1/2-1/2"]
[WhiteTitle "GM"]
[BlackTitle "GM"]
[WhiteElo "2590"]
[BlackElo "2552"]
[WhiteTeam "Shanghai"]
[BlackTeam "Jiangsu"]
[WhiteFideId "8603537"]
[BlackFideId "8603090"]
[EventDate "2014.04.12"]

1. c4 c6 2. Nf3 d5 3. e3 Nf6 4. Nc3 g6 5. d4 Bg7 6. Be2 O-O 7. O-O b6 8. a4 Nbd7
9. cxd5 cxd5 10. b3 Bb7 11. Ba3 Ne4 12. Rc1 Rc8 13. Nxe4 dxe4 14. Rxc8 Qxc8 15.
Nd2 Re8 16. Qb1 e5 17. Nc4 Qa8 18. Nd6 Rd8 19. Nxb7 Qxb7 20. d5 Nf6 21. Bb2 Rxd5
22. Bc4 Rd8 23. Bxe5 Ng4 24. Bg3 Ne5 25. Bxe5 Bxe5 26. Rd1 Rxd1+ 27. Qxd1 Kg7
28. g3 Qc6 29. Qd8 Bd6 30. Kg2 Qc7 31. Qa8 Qe7 32. Bd5 f5 33. Qg8+ Kh6 34. h4
Qf8 35. Qe6 Qe7 36. Qg8 Qf8 37. Qe6 Qe7 38. Qc8 Qc7 39. Qg8 Bxg3 40. fxg3 Qc2+
41. Kh3 Qd1 42. Kh2 Qe2+ 43. Kh3 Qf1+ 44. Kh2 Qf2+ 45. Kh3 Qf1+ 46. Kh2 Qf2+ 47.
Kh3 Qf1+ 1/2-1/2

[Event "TCh-CHN Division A 2014"]
[Site "Jinan CHN"]
[Date "2014.06.03"]
[Round "5.4"]
[White "Guo, Qi"]
[Black "Ju, Wenjun"]
[Result "1/2-1/2"]
[WhiteTitle "WGM"]
[BlackTitle "WGM"]
[WhiteElo "2458"]
[BlackElo "2582"]
[WhiteTeam "Jiangsu"]
[BlackTeam "Shanghai"]
[WhiteFideId "8604002"]
[BlackFideId "8603006"]
[EventDate "2014.04.12"]

1. d4 Nf6 2. Nf3 e6 3. c4 b6 4. g3 Bb4+ 5. Bd2 a5 6. Bg2 Bb7 7. O-O O-O 8. Bg5
Be7 9. Nc3 h6 10. Bxf6 Bxf6 11. Qc2 d5 12. cxd5 exd5 13. Rfd1 Qe7 14. e3 Rd8 15.
Rac1 Nd7 16. Ne1 Nf8 17. Qb3 Qd7 18. Nd3 a4 19. Qc2 Ra5 20. Nb4 Ne6 21. a3 Qe8
22. h4 Ba8 23. Ne2 Rd6 24. Nc3 Rd8 25. Ne2 Rd6 26. Nc3 Rd8 27. Ne2 1/2-1/2

[Event "TCh-CHN Division A 2014"]
[Site "Jinan CHN"]
[Date "2014.06.03"]
[Round "5.4"]
[White "Shen, Yang"]
[Black "Zhang, Xiaowen"]
[Result "1/2-1/2"]
[WhiteTitle "IM"]
[BlackTitle "WGM"]
[WhiteElo "2475"]
[BlackElo "2355"]
[WhiteTeam "Jiangsu"]
[BlackTeam "Shanghai"]
[WhiteFideId "8603162"]
[BlackFideId "8603219"]
[EventDate "2014.04.12"]

1. d4 Nf6 2. c4 g6 3. Nc3 Bg7 4. e4 d6 5. Nf3 O-O 6. Be2 e5 7. O-O Nc6 8. d5 Ne7
9. b4 a5 10. Ba3 b6 11. bxa5 Rxa5 12. Bb4 Ra8 13. a4 Re8 14. Re1 Bf8 15. Nd2 c5
16. dxc6 Nxc6 17. Ba3 Nd4 18. Bd3 Nd7 19. Nf3 Nc5 20. Nxd4 exd4 21. Nb5 Rxa4 22.
Bb2 Rxa1 23. Bxa1 Bb7 24. f3 f5 25. Bf1 d3 26. exf5 gxf5 27. Bxd3 Nxd3 28. Rxe8
Qxe8 29. Qxd3 Qe1+ 30. Qf1 Qe3+ 31. Kh1 d5 32. Bd4 Qd2 33. Bxb6 Qb4 34. Qe2 Bc8
35. Qe8 d4 36. Bxd4 Qxc4 37. Bg1 Qe6 38. Qd8 Qd7 39. Qg5+ Qg7 40. Qf4 Bd7 41.
Nd4 Qh6 42. Qc7 Qd6 43. Qc4+ Kg7 44. Bf2 Be7 45. Bg3 Qc5 46. Ne6+ Bxe6 47. Qxe6
Qc1+ 48. Qe1 Qxe1+ 49. Bxe1 Bc5 50. g3 Kg6 51. Kg2 h5 52. Bc3 Bb6 53. Be5 1/2-1/2

[Event "TCh-CHN Division A 2014"]
[Site "Jinan CHN"]
[Date "2014.06.03"]
[Round "5.5"]
[White "Fang, Yuxiang"]
[Black "Liu, Chang"]
[Result "1/2-1/2"]
[WhiteElo "2324"]
[BlackElo "2368"]
[WhiteTeam "Qingdao Qingwei"]
[BlackTeam "Guangdong"]
[WhiteFideId "8605840"]
[BlackFideId "8606340"]
[EventDate "2014.04.12"]

1. Nf3 Nf6 2. c4 c5 3. Nc3 Nc6 4. g3 e5 5. Bg2 Be7 6. O-O O-O 7. e3 d6 8. d4
exd4 9. exd4 Bg4 10. dxc5 dxc5 11. Qxd8 Rfxd8 12. Bf4 Rd7 13. h3 Be6 14. b3 Ne8
15. Ne5 Nxe5 16. Bxe5 Rad8 17. Rfd1 Rxd1+ 18. Rxd1 Rxd1+ 19. Nxd1 Bd6 20. Bxd6
Nxd6 21. Nc3 f6 22. f4 h5 23. Kf2 Kf7 24. Bd5 Bxd5 25. Nxd5 f5 26. Kf3 g6 27.
Nc3 b6 28. Ke3 Ke6 29. Kf3 Kf7 30. Ke3 Ke6 1/2-1/2

[Event "TCh-CHN Division A 2014"]
[Site "Jinan CHN"]
[Date "2014.06.03"]
[Round "5.5"]
[White "Zhou, Jiangnan"]
[Black "Li, Shilong"]
[Result "1/2-1/2"]
[BlackTitle "GM"]
[WhiteElo "2100"]
[BlackElo "2495"]
[WhiteTeam "Qingdao Qingwei"]
[BlackTeam "Guangdong"]
[WhiteFideId "8609918"]
[BlackFideId "8600678"]
[EventDate "2014.04.12"]

1. d4 Nf6 2. c4 g6 3. g3 Bg7 4. Bg2 O-O 5. Nc3 d6 6. Nf3 Nbd7 7. O-O e5 8. e4 c6
9. h3 Re8 10. Re1 exd4 11. Nxd4 Qb6 12. Nc2 Qc7 13. Be3 a6 14. Rc1 b6 15. Nb4
Bb7 16. f4 c5 17. Nbd5 Bxd5 18. cxd5 Qb8 19. Rc2 b5 20. Bf2 Nb6 21. Rce2 Nfd7
22. e5 dxe5 23. d6 Ra7 24. fxe5 Rxe5 25. Rxe5 Bxe5 26. Rxe5 Nxe5 27. Bxc5 Nbd7
28. Bd4 f6 29. Kh2 Kg7 30. Ne4 Rb7 31. Qb3 Rb6 32. Qe6 Qd8 33. Bxb6 Nxb6 34. Nc5
Nbd7 35. Nb7 Qb6 36. Qe7+ Kh6 37. Nd8 Qf2 38. Nf7+ Nxf7 39. Qxf7 Ne5 40. Qf8+
Kh5 41. Qa8 Kh6 42. Qf8+ Kh5 43. Qa8 Kh6 1/2-1/2

[Event "TCh-CHN Division A 2014"]
[Site "Jinan CHN"]
[Date "2014.06.03"]
[Round "5.5"]
[White "Yu, Chaojie"]
[Black "Zeng, Chongsheng"]
[Result "1/2-1/2"]
[BlackTitle "GM"]
[WhiteElo "2107"]
[BlackElo "2540"]
[WhiteTeam "Qingdao Qingwei"]
[BlackTeam "Guangdong"]
[WhiteFideId "8608555"]
[BlackFideId "8603847"]
[EventDate "2014.04.12"]

1. e4 c5 2. Nf3 e6 3. c3 Nf6 4. e5 Nd5 5. d4 cxd4 6. cxd4 b6 7. Bd3 Ba6 8. O-O
Bxd3 9. Qxd3 Nc6 10. Nc3 Nxc3 11. bxc3 Be7 12. c4 d5 13. exd6 Qxd6 14. Rd1 O-O
15. Ng5 Bxg5 16. Bxg5 Rac8 17. Rac1 e5 18. d5 Na5 19. c5 Rxc5 20. Rxc5 Qxc5 21.
d6 f6 22. Bd2 Qc4 23. Bxa5 Qxd3 24. Rxd3 bxa5 25. a4 Kf7 26. Rd5 Ke6 27. Rxa5
Rf7 28. Ra6 Kd5 29. g3 h5 30. h4 g5 31. d7 Rxd7 32. Rxf6 gxh4 33. gxh4 Ke4 34.
Kg2 Rg7+ 35. Kf1 Rc7 36. Kg2 a5 37. Rh6 Kf4 38. Rxh5 Rc4 39. Rh8 Rxa4 40. h5 Kg5
41. h6 e4 42. h7 Kg6 43. Re8 Kxh7 44. f3 Ra2+ 45. Kg3 exf3 46. Kxf3 a4 47. Ra8
a3 48. Ke3 Ra1 49. Kd3 a2 50. Kd4 1/2-1/2

[Event "TCh-CHN Division A 2014"]
[Site "Jinan CHN"]
[Date "2014.06.03"]
[Round "5.5"]
[White "Munguntuul, Batkhuyag"]
[Black "Gao, Hanxue"]
[Result "1-0"]
[WhiteTitle "IM"]
[WhiteElo "2438"]
[BlackElo "1766"]
[WhiteTeam "Guangdong"]
[BlackTeam "Qingdao Qingwei"]
[WhiteFideId "4900758"]
[BlackFideId "8608873"]
[EventDate "2014.04.12"]

1. d4 d5 2. Nf3 Nf6 3. e3 e6 4. Bd3 c5 5. c3 Be7 6. Nbd2 O-O 7. O-O b6 8. Ne5
Bb7 9. Qf3 Qc7 10. Qh3 Nbd7 11. Ndf3 Ne4 12. Nxd7 Qxd7 13. Ne5 Qc7 14. f3 Ng5
15. Qh5 f5 16. e4 fxe4 17. fxe4 Rxf1+ 18. Bxf1 Nxe4 19. Qf7+ Kh8 20. Qxe6 Bf6
21. Nf7+ Kg8 22. Nd8+ Kf8 23. Qxf6+ Nxf6 24. Ne6+ Ke7 25. Nxc7 Rc8 26. Nb5 a6
27. Na3 cxd4 28. cxd4 b5 29. Bd2 Ne4 30. Bb4+ Ke6 31. Bd3 1-0

[Event "TCh-CHN Division A 2014"]
[Site "Jinan CHN"]
[Date "2014.06.03"]
[Round "5.5"]
[White "Liu, Manli CHN"]
[Black "Lv, Jingen"]
[Result "1-0"]
[WhiteElo "1988"]
[BlackElo "1823"]
[WhiteTeam "Guangdong"]
[BlackTeam "Qingdao Qingwei"]
[WhiteFideId "8608121"]
[BlackFideId "8610509"]
[EventDate "2014.04.12"]

1. e4 d5 2. exd5 Qxd5 3. Nc3 Qa5 4. d4 Nf6 5. Bc4 Bg4 6. Ne2 e6 7. h3 Bh5 8. O-O
c6 9. Bf4 Be7 10. Qd2 Nbd7 11. Ng3 Bg6 12. Rfe1 Qd8 13. Bb3 O-O 14. Qe2 Re8 15.
Rad1 Nb6 16. Nce4 Nbd5 17. Bc1 Qc7 18. c4 Nxe4 19. Nxe4 Nf6 20. Ng3 Rad8 21. Qf3
Bd6 22. Bg5 Be7 23. h4 h6 24. Be3 a6 25. h5 Bh7 26. Bf4 Qd7 27. Nf1 Kh8 28. Be5
Bf5 29. Ne3 Be4 30. Qf4 Bd6 31. Ng4 Bf5 32. Nxf6 gxf6 33. Qxh6+ 1-0

[Event "TCh-CHN Division A 2014"]
[Site "Jinan CHN"]
[Date "2014.06.03"]
[Round "5.6"]
[White "Li, Di"]
[Black "Malakhov, Vladimir"]
[Result "0-1"]
[WhiteTitle "FM"]
[BlackTitle "GM"]
[WhiteElo "2209"]
[BlackElo "2708"]
[WhiteTeam "Chengdu"]
[BlackTeam "Tianjing"]
[WhiteFideId "8607508"]
[BlackFideId "4120787"]
[EventDate "2014.04.12"]

1. d4 g6 2. Nf3 Bg7 3. c4 e6 4. Nc3 Ne7 5. h4 h6 6. Bf4 d6 7. e4 a6 8. Qd2 Nd7
9. Rd1 b6 10. Be2 Bb7 11. Qc2 Nc6 12. d5 Nce5 13. Nd4 Qe7 14. Be3 Nf6 15. Qa4+
Kf8 16. f3 Nh5 17. Rh3 Nf6 18. Kf2 Kg8 19. a3 Kh7 20. g4 h5 21. g5 Nfd7 22. Qc2
Rae8 23. a4 a5 24. Rg1 Nc5 25. f4 exd5 26. exd5 Ng4+ 27. Bxg4 hxg4 28. Rxg4 Bc8
29. Nc6 Ne4+ 30. Kg1 Qd7 31. Rgg3 Nxg3 32. Rxg3 Kg8 33. Bd4 Bxd4+ 34. Nxd4 Qe7
35. Nf3 Qe3+ 36. Kg2 Qxf4 37. Nb5 Bf5 0-1

[Event "TCh-CHN Division A 2014"]
[Site "Jinan CHN"]
[Date "2014.06.03"]
[Round "5.6"]
[White "Xu, Xiangyu CHN"]
[Black "Ma, Qun"]
[Result "0-1"]
[BlackTitle "GM"]
[WhiteElo "2277"]
[BlackElo "2621"]
[WhiteTeam "Chengdu"]
[BlackTeam "Tianjing"]
[WhiteFideId "8608288"]
[BlackFideId "8603154"]
[EventDate "2014.04.12"]

1. e4 d5 2. Nc3 d4 3. Nce2 e5 4. d3 c5 5. g3 Nc6 6. Bg2 Bd6 7. f4 f6 8. Nf3 Nge7
9. O-O Bd7 10. fxe5 Nxe5 11. Nf4 O-O 12. Nxe5 Bxe5 13. Nd5 Nxd5 14. exd5 Qc7 15.
Qf3 Qd6 16. Bf4 Rae8 17. Rae1 Bxf4 18. Rxe8 Rxe8 19. Qxf4 Qxf4 20. Rxf4 Re1+ 21.
Rf1 Rxf1+ 22. Kxf1 Kf7 23. Ke2 b5 24. Kf3 Ke7 25. h4 h5 26. Kf4 Bg4 27. c3 dxc3
28. bxc3 Kd6 29. Ke4 g5 30. Ke3 a5 31. a3 gxh4 32. gxh4 b4 33. cxb4 cxb4 34.
axb4 axb4 35. Kd4 f5 36. Kc4 Be2 37. Kd4 0-1

[Event "TCh-CHN Division A 2014"]
[Site "Jinan CHN"]
[Date "2014.06.03"]
[Round "5.6"]
[White "Ni, Shiqun"]
[Black "Li, Yunshan"]
[Result "1-0"]
[WhiteTitle "WIM"]
[BlackTitle "WFM"]
[WhiteElo "2262"]
[BlackElo "1951"]
[WhiteTeam "Tianjing"]
[BlackTeam "Chengdu"]
[WhiteFideId "8608466"]
[BlackFideId "8607664"]
[EventDate "2014.04.12"]

1. e4 c5 2. Nf3 e6 3. g3 Nc6 4. Bg2 d6 5. O-O Nf6 6. Qe2 Be7 7. c3 d5 8. d3 O-O
9. Rd1 Bd7 10. e5 Ne8 11. c4 Nc7 12. h4 f6 13. exf6 Bxf6 14. Bg5 h6 15. Be3 Qe7
16. d4 cxd4 17. Bxd4 Nxd4 18. Nxd4 Bxd4 19. Rxd4 Qc5 20. Qd2 Bc6 21. b4 Qd6 22.
cxd5 exd5 23. Nc3 Qf6 24. Rd1 Rad8 25. b5 Be8 26. Bxd5+ Kh8 27. Rf4 Qe7 28. Qe3
Qa3 29. Ne4 Qb4 30. a3 Qe7 31. Nc5 Qd6 32. Nxb7 1-0

[Event "TCh-CHN Division A 2014"]
[Site "Jinan CHN"]
[Date "2014.06.03"]
[Round "5.6"]
[White "Ushenina, Anna"]
[Black "Ren, Xiaoyi"]
[Result "1/2-1/2"]
[WhiteTitle "GM"]
[WhiteElo "2494"]
[BlackElo "2130"]
[WhiteTeam "Tianjing"]
[BlackTeam "Chengdu"]
[WhiteFideId "14110911"]
[BlackFideId "8608709"]
[EventDate "2014.04.12"]

1. d4 d5 2. c4 e6 3. Nc3 Be7 4. Bf4 Nf6 5. e3 O-O 6. a3 a6 7. c5 b6 8. b4 Ne4 9.
Qc2 Bb7 10. Bd3 f5 11. Nge2 a5 12. Rb1 axb4 13. axb4 Nd7 14. Nb5 e5 15. c6 Bxc6
16. Qxc6 exf4 17. Nxf4 Rf6 18. Qxd5+ Kh8 19. Bxe4 c6 20. Qb3 fxe4 21. Nc3 Qe8
22. Nfe2 Rg6 23. Ng3 Nf6 24. b5 h5 25. bxc6 Qxc6 26. O-O h4 27. Nf5 h3 28. g3
Qd7 29. Qb5 Qe6 30. Nxe7 Qxe7 31. Qf5 Rh6 32. Rxb6 Rh5 33. Qe6 Qf8 34. Rb7 Re8
35. Qf7 Qxf7 36. Rxf7 Nh7 37. f4 Nf6 38. Rc7 Ra5 39. Rb1 Ng4 40. Re1 Rb8 41. Rc5
Rxc5 42. dxc5 Rb2 43. Re2 Rb4 44. Kf1 Rc4 45. Nd1 Rxc5 46. Ke1 Kh7 47. Nf2 Nxh2
48. Nxh3 Nf3+ 49. Kf1 Rc1+ 50. Kg2 Ne1+ 51. Kf2 Nd3+ 52. Kg2 Ne1+ 53. Rxe1 Rxe1
54. Kf2 Ra1 55. Ng5+ Kg6 56. Nxe4 Kf5 57. Kf3 Rf1+ 58. Nf2 g6 59. g4+ Ke6 60. e4
Ra1 61. g5 Ra3+ 62. Ke2 Ra2+ 63. Ke3 Kd6 64. Nd3 Ra3 65. f5 gxf5 66. exf5 Ke7
67. Ke4 Ra4+ 68. Kd5 Rg4 69. f6+ Kf8 70. Ke6 Rxg5 71. Ne5 Rxe5+ 72. Kxe5 Ke8 73.
Ke6 Kf8 74. f7 1/2-1/2

[Event "TCh-CHN Division A 2014"]
[Site "Jinan CHN"]
[Date "2014.06.04"]
[Round "6.1"]
[White "Yu, Yangyi"]
[Black "Ma, Qun"]
[Result "1/2-1/2"]
[WhiteTitle "GM"]
[BlackTitle "GM"]
[WhiteElo "2705"]
[BlackElo "2621"]
[WhiteTeam "Beijing"]
[BlackTeam "Tianjing"]
[WhiteFideId "8603820"]
[BlackFideId "8603154"]
[EventDate "2014.04.12"]

1. e4 c6 2. d4 d5 3. Nc3 dxe4 4. Nxe4 Bf5 5. Ng3 Bg6 6. h4 h6 7. Nf3 Nd7 8. h5
Bh7 9. Bd3 Bxd3 10. Qxd3 Ngf6 11. Bd2 e6 12. O-O-O Be7 13. Kb1 O-O 14. Ne4 Nxe4
15. Qxe4 Nf6 16. Qe2 Qd5 17. Ne5 Qe4 18. Qxe4 Nxe4 19. Be1 Rfd8 20. f3 Nf6 21.
Bf2 Nd7 22. c4 Bd6 23. Rhe1 Bb4 24. Rh1 Bd6 25. Nd3 a5 26. a4 b5 27. b3 Rdc8 28.
Nc5 Nf6 29. Kc2 Rab8 30. Nd3 Nd7 31. Rb1 f6 32. Rhd1 Kf7 33. Be1 Bc7 34. Ra1 e5
35. dxe5 Nxe5 36. Nxe5+ Bxe5 37. Rab1 Rb7 38. g3 f5 39. f4 Bf6 40. Bxa5 Ra8 41.
Bc3 bxa4 42. bxa4 Rxb1 43. Rxb1 Rxa4 44. Rb7+ Ke6 45. Kb3 Ra8 46. Bxf6 gxf6 47.
Kb4 Kd6 48. c5+ Ke6 49. Rc7 Ra6 50. Rh7 Ra1 51. Rxh6 Rb1+ 52. Kc4 Rc1+ 53. Kd4
Rd1+ 54. Ke3 Rc1 55. Rh7 Rxc5 56. h6 Rc3+ 57. Kf2 Kd5 1/2-1/2

[Event "TCh-CHN Division A 2014"]
[Site "Jinan CHN"]
[Date "2014.06.04"]
[Round "6.1"]
[White "Wang, Hao"]
[Black "Malakhov, Vladimir"]
[Result "1/2-1/2"]
[WhiteTitle "GM"]
[BlackTitle "GM"]
[WhiteElo "2710"]
[BlackElo "2708"]
[WhiteTeam "Beijing"]
[BlackTeam "Tianjing"]
[WhiteFideId "8602883"]
[BlackFideId "4120787"]
[EventDate "2014.04.12"]

1. c4 Nf6 2. d4 c6 3. Nf3 d5 4. Nc3 a6 5. e3 g6 6. Be2 Bg7 7. O-O O-O 8. a4 a5
9. cxd5 cxd5 10. Qb3 Nc6 11. Bd2 Rb8 12. Ne5 Bf5 13. Rac1 Ne4 14. Nxe4 Bxe4 15.
f3 Bf5 16. f4 Be4 17. Rc5 e6 18. Bd3 Bxe5 19. dxe5 Bxd3 20. Qxd3 Qd7 21. b3 b6
22. Rc2 Ne7 23. Rfc1 Rfc8 24. Kf2 Rxc2 25. Rxc2 Rc8 26. Rxc8+ Qxc8 27. Bc3 Qc6
28. g4 h5 29. h3 hxg4 30. hxg4 Qc5 31. Bd4 Qb4 32. Qc2 Nc6 33. Qxc6 Qd2+ 34. Kf3
Qd1+ 1/2-1/2

[Event "TCh-CHN Division A 2014"]
[Site "Jinan CHN"]
[Date "2014.06.04"]
[Round "6.1"]
[White "Ni, Shiqun"]
[Black "Gunina, Valentina"]
[Result "0-1"]
[WhiteTitle "WIM"]
[BlackTitle "GM"]
[WhiteElo "2262"]
[BlackElo "2522"]
[WhiteTeam "Tianjing"]
[BlackTeam "Beijing"]
[WhiteFideId "8608466"]
[BlackFideId "4167570"]
[EventDate "2014.04.12"]

1. e4 c5 2. Nf3 e6 3. g3 d6 4. Bg2 Nf6 5. Qe2 Nc6 6. O-O Be7 7. c3 e5 8. Na3 Bg4
9. d3 O-O 10. Nc4 Re8 11. Ne3 Bh5 12. Nf5 Bf8 13. h3 h6 14. Bd2 Bg6 15. g4 Qd7
16. Rad1 Nd8 17. N3h4 Bh7 18. g5 hxg5 19. Bxg5 Qe6 20. Qf3 Nd7 21. a3 g6 22. Qg3
Kh8 23. Bxd8 Raxd8 24. Ne3 Bh6 25. Nd5 Rg8 26. Nf3 f6 27. Kh1 Nf8 28. Rg1 Qf7
29. b4 b6 30. Rb1 Ne6 31. Bf1 Nf4 32. c4 Nxd5 33. cxd5 Bf4 34. Qg2 g5 35. Be2 g4
36. Nh2 f5 37. hxg4 fxg4 38. Bxg4 Rg6 39. Qf3 Rf6 40. Rg3 Bxg3 41. Qxg3 Rxf2 42.
bxc5 bxc5 43. Nf3 Rg8 44. Qxf2 Rxg4 45. Rg1 Rf4 46. Rg3 c4 47. dxc4 Rxe4 48. Qb2
Qf8 49. Kg1 a6 50. c5 dxc5 51. Nxe5 Re1+ 52. Kh2 Qh6+ 53. Rh3 Qf4+ 54. Kg2 Qxe5
55. Qxe5+ Rxe5 56. Rh6 Rxd5 57. Rxa6 c4 0-1

[Event "TCh-CHN Division A 2014"]
[Site "Jinan CHN"]
[Date "2014.06.04"]
[Round "6.1"]
[White "Ushenina, Anna"]
[Black "Zhao, Xue"]
[Result "0-1"]
[WhiteTitle "GM"]
[BlackTitle "GM"]
[WhiteElo "2494"]
[BlackElo "2514"]
[WhiteTeam "Tianjing"]
[BlackTeam "Beijing"]
[WhiteFideId "14110911"]
[BlackFideId "8601283"]
[EventDate "2014.04.12"]

1. d4 Nf6 2. c4 e6 3. Nf3 d5 4. Nc3 Bb4 5. Qa4+ Nc6 6. e3 O-O 7. Bd2 Bd7 8. Qc2
Bd6 9. c5 Be7 10. a3 Re8 11. b4 Bf8 12. b5 Ne7 13. Ne5 c6 14. Bd3 cxb5 15. Nxb5
Ng6 16. Nxd7 Nxd7 17. h4 Be7 18. h5 Ngf8 19. f4 f5 20. g4 fxg4 21. Ke2 Nf6 22.
Be1 b6 23. cxb6 Qxb6 24. Qc7 Bd8 25. Qxb6 Bxb6 26. a4 Rec8 27. a5 Bd8 28. a6 Rc6
29. Kf2 N8d7 30. Kg3 Nb6 31. Ba5 Be7 32. Bxb6 Rxb6 33. Rhc1 Bd8 34. Rc2 Kf8 35.
Ra3 Ke7 36. Ra1 Kd7 37. Ra3 Rc6 38. Nc3 Rb8 39. Na4 Rxc2 40. Bxc2 Be7 41. Ra2
Bb4 42. Bd3 Kd6 43. Kg2 h6 44. Rb2 Kc7 45. Rc2+ Kd8 46. f5 exf5 47. Bxf5 Bd6 48.
Nc3 Rb6 49. Bd3 Rc6 50. Nb5 Rxa6 51. Bf5 Ke7 52. Rc8 Ra2+ 53. Kg1 Bh2+ 54. Kf1
Nxh5 55. Bxg4 Nf6 56. Bf3 Bg3 57. Be2 a5 58. Ra8 Ke6 59. Bd3 Rf2+ 60. Kg1 Rd2
61. Ra6+ Ke7 62. Ra7+ Kd8 63. Ra8+ Kd7 64. Ra7+ Kc6 65. Ra6+ Kb7 66. Ra7+ Kb6
67. Bf1 Bh2+ 68. Kh1 Nh5 0-1

[Event "TCh-CHN Division A 2014"]
[Site "Jinan CHN"]
[Date "2014.06.04"]
[Round "6.2"]
[White "Li, Shilong"]
[Black "Xu, Xiangyu CHN"]
[Result "1/2-1/2"]
[WhiteTitle "GM"]
[WhiteElo "2495"]
[BlackElo "2277"]
[WhiteTeam "Guangdong"]
[BlackTeam "Chengdu"]
[WhiteFideId "8600678"]
[BlackFideId "8608288"]
[EventDate "2014.04.12"]

1. d4 f5 2. g3 Nf6 3. Bg2 g6 4. Nf3 Bg7 5. O-O O-O 6. b3 d6 7. Bb2 c6 8. Nbd2
Re8 9. Re1 Nbd7 10. e4 fxe4 11. Nxe4 Nxe4 12. Rxe4 Nf6 13. Re2 Bf5 14. h3 Qd7
15. Kh2 h6 16. Nh4 e6 17. c4 g5 18. Nf3 Rad8 19. Qd2 Qf7 20. Rae1 Qh5 21. Qa5 a6
22. Nd2 Rd7 23. f3 Qf7 24. Nf1 Bg6 25. Ne3 Nh5 26. Ng4 Rde7 27. Qd2 Nf6 28. Rf1
Rd7 29. f4 gxf4 30. Rxf4 Nxg4+ 31. hxg4 Qe7 32. d5 cxd5 33. Rxe6 Qg5 34. Bxd5
Kh7 35. Bxg7 Rxg7 36. Rxe8 Bxe8 37. Be4+ Bg6 38. Qxd6 Bxe4 39. Rxe4 Rf7 40. Rf4
Re7 41. Kh3 Kg7 42. Qd4+ Qe5 43. Qxe5+ Rxe5 44. Rd4 b5 45. Rd7+ Kg8 46. Rd2 bxc4
47. bxc4 Rc5 48. Rc2 Kf7 49. Kg2 Ke6 50. Kf3 Ke5 51. Ke3 Rc6 52. c5 Kd5 53. Kf4
Rf6+ 54. Ke3 Rc6 55. g5 hxg5 56. Kf3 Rxc5 57. Rxc5+ Kxc5 58. Kg4 Kb4 59. Kxg5
Ka3 60. Kf4 Kxa2 61. g4 a5 62. g5 a4 63. g6 a3 64. g7 Kb1 1/2-1/2